[Event "Nova Gorica op 21st"]
[Site "Nova Gorica"]
[Date "2016.02.02"]
[Round "7"]
[White "Markocic, Tine"]
[Black "Kersic, Matej"]
[Result "1-0"]
[WhiteElo "1986"]
[BlackElo "2120"]
[PlyCount "45"]
[EventDate "2016.01.29"]
[EventType "swiss"]
[EventRounds "9"]
[EventCountry "SLO"]
[SourceTitle "CBM 170 Extra"]
[Source "ChessBase"]
[SourceDate "2016.02.25"]
[SourceVersion "1"]
[SourceVersionDate "2016.02.25"]
[SourceQuality "1"]

1. e4 c5 2. Nc3 d6 3. f4 Nc6 4. Bb5 Nf6 5. Nf3 a6 6. Bxc6+ bxc6 7. 0-0 e6 8. d3 Be7 9. e5 Nd7 10. exd6 Bxd6 11. Ne4 Be7 12. Qe1 0-0 13. Qg3 Nf6 14. Nxf6+ Bxf6 15. Ne5 g6 16. Be3 Qd6 17. Nc4 Qe7 18. Qf2 Bd4 19. Bxd4 cxd4 20. Qxd4 c5 21. Qd6 Qxd6 22. Nxd6 Bd7 23. Ne4 1-0

[Event "Nova Gorica op 21st"]
[Site "Nova Gorica"]
[Date "2016.01.30"]
[Round "2"]
[White "Lerch, Philipp"]
[Black "Markocic, Tine"]
[Result "1-0"]
[WhiteElo "2310"]
[BlackElo "1986"]
[PlyCount "95"]
[EventDate "2016.01.29"]
[EventType "swiss"]
[EventRounds "9"]
[EventCountry "SLO"]
[SourceTitle "CBM 170 Extra"]
[Source "ChessBase"]
[SourceDate "2016.02.25"]
[SourceVersion "1"]
[SourceVersionDate "2016.02.25"]
[SourceQuality "1"]

1. c4 c5 2. g3 Nf6 3. Bg2 g6 4. Nc3 Bg7 5. Nf3 Nc6 6. d4 cxd4 7. Nxd4 Nxd4 8. Qxd4 0-0 9. 0-0 d6 10. Qd3 Nd7 11. Qd2 Nc5 12. Rb1 a5 13. b3 Bd7 14. Ba3 Bc6 15. Bxc6 bxc6 16. Bxc5 dxc5 17. Qxd8 Rfxd8 18. Ne4 Rd4 19. Nxc5 Rd2 20. e3 Rxa2 21. Rfd1 Rb8 22. Rd7 a4 23. Rbd1 axb3 24. Rd8+ Rxd8 25. Rxd8+ Bf8 26. Nxb3 e6 27. Rc8 Rb2 28. Nc5 Kg7 29. Rxc6 Rc2 30. Ne4 Bb4 31. Rc7 Ba5 32. Ra7 Rxc4 33. Ng5 Bc7 34. Kg2 h6 35. Nf3 Bd8 36. Rxf7+ Kxf7 37. Ne5+ Kf6 38. Nxc4 Bc7 39. Kf3 h5 40. h3 g5 41. Ke4 g4 42. h4 Bd8 43. Nb2 e5 44. Nc4 Bc7 45. Kd5 Kf5 46. e4+ Kf6 47. Kc6 Bb8 48. Kb7 1-0

[Event "Arco Christmas op 6th"]
[Site "Arco"]
[Date "2015.12.29"]
[Round "6"]
[White "Markocic, Tine"]
[Black "Lezzerini, Marco"]
[Result "1-0"]
[WhiteElo "2009"]
[BlackElo "2088"]
[PlyCount "55"]
[EventDate "2015.12.26"]
[EventType "swiss"]
[EventRounds "7"]
[EventCountry "ITA"]
[SourceTitle "CBM 170 Extra"]
[Source "ChessBase"]
[SourceDate "2016.02.25"]
[SourceVersion "1"]
[SourceVersionDate "2016.02.25"]
[SourceQuality "1"]

1. e4 c5 2. Nc3 e6 3. f4 d5 4. Nf3 Nf6 5. e5 Nfd7 6. g3 Nc6 7. d3 Be7 8. Bg2 0-0 9. 0-0 f6 10. exf6 Nxf6 11. Ne5 Nxe5 12. fxe5 Nd7 13. Qe2 Rxf1+ 14. Bxf1 Nb8 15. h4 Nc6 16. Bf4 a6 17. Bh3 b5 18. Rf1 Nd4 19. Qf2 Qe8 20. Be3 Nc6 21. Bxc5 Nxe5 22. Ne2 Bd7 23. Nf4 Bxc5 24. Qxc5 Ng6 25. Nxe6 Bxe6 26. Re1 Nf8 27. Bxe6+ Nxe6 28. Qxd5 1-0